Farm pashu parjanan aur unanyan (Record no. 47726)

MARC details
000 -LEADER
fixed length control field 00462nam a22001457a 4500
003 - CONTROL NUMBER IDENTIFIER
control field OSt
008 - FIXED-LENGTH DATA ELEMENTS--GENERAL INFORMATION
fixed length control field 250321b |||||||| |||| 00| 0 eng d
082 ## - DEWEY DECIMAL CLASSIFICATION NUMBER
Classification number 636.08
Item number R43F
100 ## - MAIN ENTRY--PERSONAL NAME
Personal name Raise, Viktar Aarthar
245 ## - TITLE STATEMENT
Title Farm pashu parjanan aur unanyan
260 ## - PUBLICATION, DISTRIBUTION, ETC. (IMPRINT)
Place of publication, distribution, etc Pantnagar:
Name of publisher, distributor, etc Anuwad and Prakashan Nideshalay;
Date of publication, distribution, etc 1976
300 ## - PHYSICAL DESCRIPTION
Extent 440 p.
650 ## - SUBJECT ADDED ENTRY--TOPICAL TERM
Topical term or geographic name as entry element Agriculture and related technologies | Technology (Applied sciences) | Livestock breeding
942 ## - ADDED ENTRY ELEMENTS (KOHA)
Source of classification or shelving scheme
Koha item type Books
Holdings
Withdrawn status Lost status Source of classification or shelving scheme Damaged status Not for loan Home library Current library Shelving location Date acquired Total Checkouts Full call number Barcode Date last seen Bill Date Koha item type
          Dr. Rajendra Prasad Central Agricultural University Pusa, Tirhut College of Agriculture General Stacks 21/03/2025   636.08 R43F 13480-TCA 21/03/2025 21/03/2025 Books
          Dr. Rajendra Prasad Central Agricultural University Pusa, Tirhut College of Agriculture General Stacks 21/03/2025   636.08 R43F 13479-TCA 21/03/2025 21/03/2025 Books
          Dr. Rajendra Prasad Central Agricultural University Pusa, Tirhut College of Agriculture General Stacks 21/03/2025   636.08 R43F 13478-TCA 21/03/2025 21/03/2025 Books
          Dr. Rajendra Prasad Central Agricultural University Pusa, Tirhut College of Agriculture General Stacks 21/03/2025   636.08 R43F 13477-TCA 21/03/2025 21/03/2025 Books
          Dr. Rajendra Prasad Central Agricultural University Pusa, Tirhut College of Agriculture General Stacks 21/03/2025   636.08 R43F 13476-TCA 21/03/2025 21/03/2025 Books
          Dr. Rajendra Prasad Central Agricultural University Pusa, Tirhut College of Agriculture General Stacks 21/03/2025   636.08 R43F 13475-TCA 21/03/2025 21/03/2025 Books
          Dr. Rajendra Prasad Central Agricultural University Pusa, Tirhut College of Agriculture General Stacks 21/03/2025   636.08 R43F 13474-TCA 21/03/2025 21/03/2025 Books
          Dr. Rajendra Prasad Central Agricultural University Pusa, Tirhut College of Agriculture General Stacks 21/03/2025   636.08 R43F 13473-TCA 21/03/2025 21/03/2025 Books
Hosted, Implemented, Customized & Maintained by: BestBookBuddies

Powered by Koha